<?xml version="1.0" encoding="UTF-8"?>
<record
    xmlns:xsi="http://www.w3.org/2001/XMLSchema-instance"
    xsi:schemaLocation="http://www.loc.gov/MARC21/slim http://www.loc.gov/standards/marcxml/schema/MARC21slim.xsd"
    xmlns="http://www.loc.gov/MARC21/slim">

  <leader>01425nam a22002777a 4500</leader>
  <controlfield tag="001">0000123894</controlfield>
  <controlfield tag="003">DO-SdBNP</controlfield>
  <controlfield tag="005">20180307131900.0</controlfield>
  <controlfield tag="007">0000123894</controlfield>
  <controlfield tag="008">160429b 2014 dr        xxu||||| |||| 00| 0 spa d</controlfield>
  <datafield tag="020" ind1=" " ind2=" ">
    <subfield code="a">9789945495577</subfield>
  </datafield>
  <datafield tag="040" ind1=" " ind2=" ">
    <subfield code="a">BPMSU</subfield>
    <subfield code="b">spa</subfield>
    <subfield code="c">BPMSU</subfield>
  </datafield>
  <datafield tag="092" ind1=" " ind2=" ">
    <subfield code="a">xxxxx</subfield>
    <subfield code="b">xxxxx</subfield>
  </datafield>
  <datafield tag="245" ind1="0" ind2="0">
    <subfield code="a">Educaci&#xF3;n art&#xED;stica 2 : </subfield>
    <subfield code="b">educaci&#xF3;n media /</subfield>
    <subfield code="c">producci&#xF3;n editorial ; Mar&#xED;a del Jes&#xFA;s de la Rosa ; presentaci&#xF3;n Carlos Amarante Baret.</subfield>
  </datafield>
  <datafield tag="260" ind1=" " ind2=" ">
    <subfield code="a">Santo Domingo :</subfield>
    <subfield code="b">Ministerio de Educaci&#xF3;n: </subfield>
    <subfield code="b">Actualidad Escolar 2000,</subfield>
    <subfield code="c">2014.</subfield>
  </datafield>
  <datafield tag="300" ind1=" " ind2=" ">
    <subfield code="a">192 p. : </subfield>
    <subfield code="b">il., retrs. ; </subfield>
    <subfield code="c">27 cm. </subfield>
  </datafield>
  <datafield tag="500" ind1=" " ind2=" ">
    <subfield code="a">Primer grado primer ciclo</subfield>
  </datafield>
  <datafield tag="500" ind1=" " ind2=" ">
    <subfield code="a">Este libro ha sido realizado de acuerdo al curr&#xED;culum vigente y ha sido sometido a la evaluaci&#xF3;n y aprobaci&#xF3;n del MINERD (Ministerio de Educaci&#xF3;n Rep&#xFA;blica Dominicana)</subfield>
  </datafield>
  <datafield tag="504" ind1=" " ind2=" ">
    <subfield code="a">Bibliograf&#xED;a : p. 192</subfield>
  </datafield>
  <datafield tag="505" ind1=" " ind2=" ">
    <subfield code="g">Unidad 1 --</subfield>
    <subfield code="t">Arte en Mesopotamia y Grecia --</subfield>
    <subfield code="t">El arte en Mesopotamia --</subfield>
    <subfield code="t">Arte en la antigua Grecia --</subfield>
    <subfield code="g">Unidad 2 --</subfield>
    <subfield code="t">Campo visual --</subfield>
    <subfield code="g">Unidad 3 --</subfield>
    <subfield code="t">El calor y la textura --</subfield>
    <subfield code="t">El calor --</subfield>
    <subfield code="t">El volumen --</subfield>
    <subfield code="g">Unidad 4 --</subfield>
    <subfield code="t">La forma --</subfield>
    <subfield code="g">Unidad 5 --</subfield>
    <subfield code="t">La composici&#xF3;n --</subfield>
    <subfield code="g">Unidad 6 --</subfield>
    <subfield code="t">Dise&#xF1;o gr&#xE1;fico o bidimensional --</subfield>
  </datafield>
  <datafield tag="700" ind1="1" ind2="2">
    <subfield code="a">Rosa, Mar&#xED;a del Jes&#xFA;s de la, </subfield>
    <subfield code="e">ed.</subfield>
  </datafield>
  <datafield tag="700" ind1="1" ind2="2">
    <subfield code="a">Amarante Baret, Carlos,</subfield>
    <subfield code="e">prest.</subfield>
  </datafield>
  <datafield tag="942" ind1=" " ind2=" ">
    <subfield code="2">ddc</subfield>
    <subfield code="c">BK</subfield>
  </datafield>
  <datafield tag="945" ind1=" " ind2=" ">
    <subfield code="a">Remanejado para la BNPHU / 2018 VM</subfield>
  </datafield>
  <datafield tag="952" ind1=" " ind2=" ">
    <subfield code="0">0</subfield>
    <subfield code="1">0</subfield>
    <subfield code="2">ddc</subfield>
    <subfield code="4">0</subfield>
    <subfield code="7">0</subfield>
    <subfield code="8">CE</subfield>
    <subfield code="a">BPMET</subfield>
    <subfield code="b">BPMET</subfield>
    <subfield code="d">2016-04-29</subfield>
    <subfield code="e">Donaci&#xF3;n</subfield>
    <subfield code="l">0</subfield>
    <subfield code="p">BPMSU16040813</subfield>
    <subfield code="r">2016-04-29</subfield>
    <subfield code="t">ej. 1</subfield>
    <subfield code="w">2016-04-29</subfield>
    <subfield code="y">BK</subfield>
  </datafield>
  <datafield tag="956" ind1=" " ind2=" ">
    <subfield code="2">LOPEREZ</subfield>
    <subfield code="3">10</subfield>
    <subfield code="6">20160519</subfield>
    <subfield code="8">BPMSU</subfield>
    <subfield code="a">00041</subfield>
  </datafield>
  <datafield tag="999" ind1=" " ind2=" ">
    <subfield code="c">9970</subfield>
    <subfield code="d">9970</subfield>
  </datafield>
</record>
